Human factors in project management / (Record no. 346010)

000 -LEADER
fixed length control field 00640 a2200193 4500
020 ## - INTERNATIONAL STANDARD BOOK NUMBER
International Standard Book Number 0814450032
020 ## - INTERNATIONAL STANDARD BOOK NUMBER
International Standard Book Number 9780814450031
082 04 - DEWEY DECIMAL CLASSIFICATION NUMBER
Classification number 658.404
090 ## - LOCALLY ASSIGNED LC-TYPE CALL NUMBER (OCLC); LOCAL CALL NUMBER (RLIN)
-- 3536
-- 3536
100 1# - MAIN ENTRY--PERSONAL NAME
Personal name PMP, Paul C. Dinsmore.
245 10 - TITLE STATEMENT
Title Human factors in project management /
Statement of responsibility, etc. Paul C. Dinsmore PMP.
250 ## - EDITION STATEMENT
Edition statement Rev Sub ed.
260 ## - PUBLICATION, DISTRIBUTION, ETC.
Place of publication, distribution, etc. [S.l.] :
Name of publisher, distributor, etc. AMACOM,
Date of publication, distribution, etc. 1990.
300 ## - PHYSICAL DESCRIPTION
Extent 240 p. ;
Dimensions 24 cm.
500 ## - GENERAL NOTE
General note Hardcover.
856 40 - ELECTRONIC LOCATION AND ACCESS
Materials specified Amazon.com
Uniform Resource Identifier <a href="http://www.amazon.com/exec/obidos/ASIN/0814450032/chopaconline-20">http://www.amazon.com/exec/obidos/ASIN/0814450032/chopaconline-20</a>
856 40 - ELECTRONIC LOCATION AND ACCESS
Materials specified Amazon customer reviews
Uniform Resource Identifier <a href="http://www.chopac.org/cgi-bin/tools/azrev.pl?q=0814450032">http://www.chopac.org/cgi-bin/tools/azrev.pl?q=0814450032</a>
942 ## - ADDED ENTRY ELEMENTS (KOHA)
Institution code [OBSOLETE] NBS
Koha item type Book
Call number prefix 658.404 DIN
Holdings
Withdrawn status Lost status Damaged status Not for loan Permanent Location Current Location Date acquired Total Checkouts Full call number Barcode Date last seen Price effective from Koha item type
        Central Library (CL) Central Library (CL) 08/28/2013   658.404 DIN NBS1378 08/28/2013 08/28/2013 Book
        Central Library (CL) Central Library (CL) 08/28/2013   658.404 DIN NBS1379 08/28/2013 08/28/2013 Book
© 2023 Central Library, National University of Sciences and Technology. All Rights Reserved.